| 000 | 00757nam a2200181Ia 4500 | ||
|---|---|---|---|
| 999 |
_c31167 _d31167 |
||
| 003 | GCL | ||
| 005 | 20240530102303.0 | ||
| 008 | 140319s9999 xx 000 0 ara d | ||
| 040 |
_aGCL / _cGCL |
||
| 082 | 0 | 4 |
_a235.6 _bم س |
| 100 | 1 | _aابن ماجة ، ابو عبدالله محمد بن يزيد الربعى القزوينى | |
| 245 | 1 | 0 |
_aسنن الحافظ ابى عبد الله محمد بن يزيد القزوينى / _cابن ماجة ، ابو عبدالله محمد بن يزيد الربعى القزوينى ؛ تحقيق محمد فؤاد عبدالباقى |
| 260 |
_a[S.N] : _bدار احياء الكتب العربية |
||
| 300 | _aاجزاء | ||
| 650 | 0 | 4 | _aالحديث |
| 650 | 0 | 4 | _aمسند بن ماجة |
| 942 |
_2ddc _cBK |
||